Aéronefs de l'armée de l'Air et de l'Espace - Statistiques

Statistiques générales
  • Ce quiz a été pris 190 fois
  • Le résultat moyen est 10 sur 18
Statistiques - réponses
Par images Réponse % Correct
Alphajet
84%
A400M Atlas
81%
Mirage 2000-5
78%
Puma
73%
Rafale B
72%
Rafale C
69%
Mirage 2000-D
68%
C-130H
60%
Mirage 2000-B
60%
H225M Caracal
56%
MQ-9 Reaper
54%
A330 MRTT Phénix
53%
E-3F SDCA
47%
Pilatus PC-21
46%
AS 555 Fennec
42%
C135
24%
ALSR
13%
CASA CN 235
13%
Aucun quiz correspondant
Distribution des résultats
% des personnes avec chaque résultat
Percentile par nombre de réponses
Votre historique - résultats
Vous n’avez pas pris ce quiz